[Event "2. BUNDESLIGA MITTE"]
[Site "Steyregg, Fuerstenfeld/Sauwald/Villach, St. Veit/Glan, Graz"]
[Date "2015.10.03"]
[Round "2"]
[Board "1"]
[White "Kovacs, Gabor"]
[Black "Kuba, Guenter"]
[Result "1-0"]
[WhiteElo "2463"]
[BlackElo "2361"]
[PlyCount "57"]
[EventDate "2015.10.02"]
[EventType "team"]
[EventRounds "11"]
[EventCountry "AUT"]
[WhiteTeam "SV Steyregg"]
[BlackTeam "SPG. Sparkasse Fuerstenfeld/Hartberg"]

1. c4 e6 2. Nc3 d5 3. d4 Nf6 4. Bg5 Be7 5. e3 O-O 6. Nf3 h6 7. Bh4 b6 8. Qb3
Bb7 9. Bxf6 Bxf6 10. cxd5 exd5 11. Rd1 Re8 12. Bd3 a6 13. O-O Qd6 14. Rfe1 Nd7
15. e4 dxe4 16. Bxe4 Bxe4 17. Nxe4 Qf4 18. Qd5 Rad8 19. Qb7 a5 20. Re3 Kh8 21.
Rde1 c5 22. Nxc5 Rxe3 23. fxe3 Qd6 24. Ne4 Qe6 25. Nc3 Be7 26. Qd5 Qg6 27. Qc4
Kg8 28. Rf1 Qc2 29. Qxf7+ 1-0

[Event "2. BUNDESLIGA MITTE"]
[Site "Steyregg, Fuerstenfeld/Sauwald/Villach, St. Veit/Glan, Graz"]
[Date "2015.10.03"]
[Round "2"]
[Board "2"]
[White "Pilaj, Herwig"]
[Black "Nemeth, Miklos"]
[Result "0-1"]
[WhiteElo "2381"]
[BlackElo "2480"]
[PlyCount "72"]
[EventDate "2015.10.02"]
[EventType "team"]
[EventRounds "11"]
[EventCountry "AUT"]
[WhiteTeam "SPG. Sparkasse Fuerstenfeld/Hartberg"]
[BlackTeam "SV Steyregg"]

1. Nf3 {[%emt 0:00:00]} Nf6 {[%emt 0:00:00]} 2. c4 e6 3. g3 d5 4. Bg2 Be7 5.
O-O O-O 6. b3 b6 7. Bb2 Bb7 8. e3 dxc4 9. bxc4 c5 10. Nc3 Nc6 11. Qe2 Qc7 12.
Ne1 Na5 13. f4 Bxg2 14. Nxg2 Rfd8 15. Rad1 a6 16. g4 Qb7 17. g5 Ne8 18. Ba1 f5
19. e4 Bf8 20. exf5 exf5 21. Qe6+ Qf7 22. Qxf7+ Kxf7 23. d3 Nd6 24. Rb1 b5 25.
cxb5 Nxb5 26. Nxb5 axb5 27. Rxb5 Rxd3 28. Nh4 Rd5 29. Nf3 Nc6 30. Ne5+ Nxe5 31.
fxe5 Rxa2 32. Rxf5+ Kg6 33. Rf1 Be7 34. Bc3 Rc2 35. Rb6+ Kh5 36. Rb3 c4 0-1

[Event "2. BUNDESLIGA MITTE"]
[Site "Steyregg, Fuerstenfeld/Sauwald/Villach, St. Veit/Glan, Graz"]
[Date "2015.10.03"]
[Round "2"]
[Board "3"]
[White "Priborsky, Jan"]
[Black "Poetz, Florian"]
[Result "1/2-1/2"]
[WhiteElo "2336"]
[BlackElo "2385"]
[PlyCount "67"]
[EventDate "2015.10.02"]
[EventType "team"]
[EventRounds "11"]
[EventCountry "AUT"]
[WhiteTeam "SV Steyregg"]
[BlackTeam "SPG. Sparkasse Fuerstenfeld/Hartberg"]

1. e4 c5 2. Nf3 Nc6 3. d4 cxd4 4. Nxd4 Qb6 5. Nb3 Nf6 6. Nc3 e6 7. Bd3 a6 8.
O-O d6 9. Kh1 Qc7 10. Bg5 Be7 11. f4 h6 12. Bh4 b5 13. Qe2 b4 14. Nd1 a5 15. a4
bxa3 16. Rxa3 d5 17. Bxf6 gxf6 18. exd5 Bxa3 19. bxa3 Ne7 20. dxe6 fxe6 21. Ne3
h5 22. Nd4 Qc5 23. Nb5 Kf8 24. f5 Nxf5 25. Nxf5 exf5 26. Re1 Bd7 27. Nc7 Qxc7
28. Qe7+ Kg8 29. Bxf5 Qd8 30. Qxd7 Qxd7 31. Bxd7 Kf7 32. h4 Rad8 33. Be6+ Ke7
34. c4 1/2-1/2

[Event "2. BUNDESLIGA MITTE"]
[Site "Steyregg, Fuerstenfeld/Sauwald/Villach, St. Veit/Glan, Graz"]
[Date "2015.10.03"]
[Round "2"]
[Board "4"]
[White "Kiss, Attila"]
[Black "Enoeckl, Philipp"]
[Result "1/2-1/2"]
[WhiteElo "2379"]
[BlackElo "2362"]
[PlyCount "68"]
[EventDate "2015.10.02"]
[EventType "team"]
[EventRounds "11"]
[EventCountry "AUT"]
[WhiteTeam "SPG. Sparkasse Fuerstenfeld/Hartberg"]
[BlackTeam "SV Steyregg"]

1. e4 e6 2. d4 d5 3. Nd2 Nf6 4. e5 Nfd7 5. c3 c5 6. Bd3 Nc6 7. Ne2 cxd4 8. cxd4
f6 9. exf6 Nxf6 10. Nf3 Bd6 11. O-O Qc7 12. g3 O-O 13. Bf4 Ng4 14. Rc1 Bxf4 15.
Nxf4 Rxf4 16. gxf4 Qxf4 17. Bb5 Bd7 18. Bxc6 Bxc6 19. Rc3 Rf8 20. Qc1 Qd6 21.
Qg5 Rxf3 22. Qxg4 Rf4 23. Qg3 h5 24. h3 h4 25. Qg5 Rxd4 26. Re1 e5 27. Rxe5
Rd1+ 28. Kg2 d4+ 29. Rxc6 Qxc6+ 30. Rd5 Re1 31. b4 b5 32. a4 a6 33. axb5 axb5
34. Qd8+ Re8 1/2-1/2

[Event "2. BUNDESLIGA MITTE"]
[Site "Steyregg, Fuerstenfeld/Sauwald/Villach, St. Veit/Glan, Graz"]
[Date "2015.10.03"]
[Round "2"]
[Board "5"]
[White "Wiesinger, Robert"]
[Black "Radnetter, Georg"]
[Result "1-0"]
[WhiteElo "2176"]
[BlackElo "2323"]
[PlyCount "119"]
[EventDate "2015.10.02"]
[EventType "team"]
[EventRounds "11"]
[EventCountry "AUT"]
[WhiteTeam "SV Steyregg"]
[BlackTeam "SPG. Sparkasse Fuerstenfeld/Hartberg"]

1. e4 e6 2. d4 d5 3. Nc3 dxe4 4. Nxe4 Nd7 5. Nf3 Ngf6 6. Bd3 c5 7. O-O cxd4 8.
Nxd4 Nxe4 9. Bxe4 Nf6 10. Bf3 a6 11. Bg5 {[%emt 0:00:00]} Bc5 {[%emt 0:00:00]}
12. Nb3 {[%emt 0:00:16]} Bd6 {[%emt 0:00:02]} 13. Qd2 {[%emt 0:00:00]} Qc7 {
[%emt 0:00:14]} 14. g3 {[%emt 0:00:05]} O-O {[%emt 0:00:00]} 15. Rad1 {[%emt 0:
00:00]} Be5 16. c3 Ra7 17. Bg2 Nd7 18. Be7 Re8 19. Bd6 Bxd6 20. Qxd6 Qxd6 21.
Rxd6 Ne5 22. Na5 f6 23. Rfd1 Nf7 24. Rb6 Re7 25. c4 Rc7 26. b4 Kf8 27. c5 Ke8
28. Be4 f5 29. Bc2 Nd8 30. Ba4+ Ke7 31. f4 Bd7 32. Bxd7 Rxd7 33. Rxd7+ Kxd7 34.
Rd6+ Kc7 35. Nc4 Nc6 36. a3 Ra8 37. Rxe6 Rd8 38. Ne5 Rd1+ 39. Kf2 Nxe5 40. Rxe5
Rd2+ 41. Ke3 Rxh2 42. Rxf5 Ra2 43. Rf7+ Kc6 44. Rxg7 Rxa3+ 45. Kd4 Rb3 46. Kc4
Re3 47. Rxh7 Rxg3 48. Rh6+ Kc7 49. Kd5 Rd3+ 50. Ke5 Re3+ 51. Kd5 Rd3+ 52. Ke4
Rb3 53. Rb6 a5 54. bxa5 Ra3 55. Rh6 Ra4+ 56. Ke5 Rc4 57. a6 Rxc5+ 58. Kd4 Rf5
59. Rh7+ Kd6 60. Ke4 1-0

[Event "2. BUNDESLIGA MITTE"]
[Site "Steyregg, Fuerstenfeld/Sauwald/Villach, St. Veit/Glan, Graz"]
[Date "2015.10.03"]
[Round "2"]
[Board "6"]
[White "Hatzl, Johannes"]
[Black "Holzmann, Herbert"]
[Result "1-0"]
[WhiteElo "2081"]
[BlackElo "2013"]
[PlyCount "117"]
[EventDate "2015.10.02"]
[EventType "team"]
[EventRounds "11"]
[EventCountry "AUT"]
[WhiteTeam "SPG. Sparkasse Fuerstenfeld/Hartberg"]
[BlackTeam "SV Steyregg"]

1. e4 c5 2. c3 Nf6 3. e5 Nd5 4. d4 cxd4 5. cxd4 e6 6. Nc3 Nxc3 7. bxc3 d6 8.
exd6 Bxd6 9. Nf3 Nd7 10. Bd3 Qc7 11. Bb2 O-O 12. O-O Qa5 13. Re1 b6 14. Qc2 Nf6
15. Ne5 Ba6 16. c4 Rac8 17. a3 b5 18. c5 Bb8 19. Bc3 Qc7 20. a4 Qb7 21. Rab1 b4
22. Bxb4 Bxd3 23. Qxd3 Qd5 24. Nf3 Rfd8 25. Ba5 Rd7 26. Qa6 Rf8 27. c6 Re7 28.
Rxb8 Rxb8 29. c7 Ree8 30. cxb8=Q Rxb8 31. Bc7 Ra8 32. h3 h6 33. Qa5 Qb3 34. Qb5
Qc2 35. Qb7 Rf8 36. Bd6 Rd8 37. Qc7 Qxc7 38. Bxc7 Rc8 39. Be5 Nd5 40. Rb1 Rc4
41. Rb8+ Kh7 42. Rb7 f6 43. Bb8 a6 44. a5 Ra4 45. Bc7 Nxc7 46. Rxc7 Rxa5 47.
Re7 e5 48. dxe5 fxe5 49. Rxe5 Ra1+ 50. Re1 Rxe1+ 51. Nxe1 Kg6 52. Kf1 Kf5 53.
Ke2 Ke4 54. Nc2 h5 55. g3 g5 56. f3+ Ke5 57. Nb4 h4 58. gxh4 gxh4 59. Nxa6 1-0

[Event "2. BUNDESLIGA MITTE"]
[Site "Steyregg, Fuerstenfeld/Sauwald/Villach, St. Veit/Glan, Graz"]
[Date "2015.10.04"]
[Round "3"]
[Board "1"]
[White "Knechtel, Roland"]
[Black "Kuba, Guenter"]
[Result "1/2-1/2"]
[WhiteElo "2287"]
[BlackElo "2361"]
[PlyCount "58"]
[EventDate "2015.10.02"]
[EventType "team"]
[EventRounds "11"]
[EventCountry "AUT"]
[WhiteTeam "SPG Sauwald 2"]
[BlackTeam "SPG. Sparkasse Fuerstenfeld/Hartberg"]

1. d4 f5 2. Nf3 g6 3. c4 Nf6 4. Nc3 Bg7 5. e3 O-O 6. b4 d6 7. Qb3 c6 8. Bb2 Kh8
9. c5 d5 10. Be2 Ne4 11. Ne5 Nd7 12. f3 Nxc3 13. Bxc3 Nxe5 14. dxe5 f4 15. Bd4
Qc7 16. Qc3 Rf5 17. Bd3 Rf7 18. O-O Bf5 19. Rfe1 Bxd3 20. Qxd3 e6 21. exf4 Rxf4
22. g3 Rf5 23. g4 Rf4 24. Qe2 Raf8 25. Kg2 Qf7 26. Qe3 Qe7 27. Qe2 Qf7 28. Qe3
Qe7 29. Qe2 Qf7 1/2-1/2

[Event "2. BUNDESLIGA MITTE"]
[Site "Steyregg, Fuerstenfeld/Sauwald/Villach, St. Veit/Glan, Graz"]
[Date "2015.10.04"]
[Round "3"]
[Board "2"]
[White "Pilaj, Herwig"]
[Black "Stadler, Alexander"]
[Result "1-0"]
[WhiteElo "2381"]
[BlackElo "2113"]
[PlyCount "81"]
[EventDate "2015.10.02"]
[EventType "team"]
[EventRounds "11"]
[EventCountry "AUT"]
[WhiteTeam "SPG. Sparkasse Fuerstenfeld/Hartberg"]
[BlackTeam "SPG Sauwald 2"]

1. c4 Nf6 2. g3 e6 3. Bg2 d5 4. Nf3 Be7 5. O-O O-O 6. b3 b6 7. Bb2 Bb7 8. e3
dxc4 9. bxc4 c5 10. Nc3 Qc7 11. Qe2 Nc6 12. Rad1 a6 13. Ba1 Rfd8 14. Rfe1 Rab8
15. d3 Ba8 16. Rb1 Na7 17. d4 cxd4 18. exd4 Bxf3 19. Bxf3 Rxd4 20. Nd5 Nxd5 21.
Bxd4 Nf6 22. Be5 Bd6 23. Bxd6 Qxd6 24. c5 Qxc5 25. Qxa6 b5 26. Rec1 Qe7 27. Qa5
Ne8 28. a4 b4 29. Rc4 b3 30. Rc3 b2 31. Rc2 Rb3 32. Rcxb2 Rxf3 33. Rb7 Qd6 34.
Qxa7 Rd3 35. Rb8 Rd1+ 36. Rxd1 Qxd1+ 37. Kg2 Qd5+ 38. Kg1 Qd1+ 39. Kg2 Qd4 40.
f3 Qd2+ 41. Kh3 1-0

[Event "2. BUNDESLIGA MITTE"]
[Site "Steyregg, Fuerstenfeld/Sauwald/Villach, St. Veit/Glan, Graz"]
[Date "2015.10.04"]
[Round "3"]
[Board "3"]
[White "Maier, Christoph"]
[Black "Poetz, Florian"]
[Result "1/2-1/2"]
[WhiteElo "2125"]
[BlackElo "2385"]
[PlyCount "64"]
[EventDate "2015.10.02"]
[EventType "team"]
[EventRounds "11"]
[EventCountry "AUT"]
[WhiteTeam "SPG Sauwald 2"]
[BlackTeam "SPG. Sparkasse Fuerstenfeld/Hartberg"]

1. e4 c5 2. Nf3 Nc6 3. d4 cxd4 4. c3 dxc3 5. Nxc3 e6 6. Bc4 a6 7. O-O Nge7 8.
Bf4 Ng6 9. Bg3 d6 10. Qe2 Be7 11. Rac1 Nge5 12. Rfd1 Qb6 13. Nxe5 dxe5 14. Nd5
exd5 15. exd5 Na5 16. Qxe5 Nxc4 17. Rxc4 Qf6 18. d6 Qxe5 19. Rxc8+ Rxc8 20. d7+
Kd8 21. dxc8=Q+ Kxc8 22. Bxe5 f6 23. Rc1+ Kd7 24. Rc7+ Ke6 25. Bc3 Rd8 26. Kf1
Rd7 27. Rxd7 Kxd7 28. Ke2 Ke6 29. g4 Kd5 30. Kd3 Bd6 31. h3 b5 32. b3 Bc5
 1/2-1/2

[Event "2. BUNDESLIGA MITTE"]
[Site "Steyregg, Fuerstenfeld/Sauwald/Villach, St. Veit/Glan, Graz"]
[Date "2015.10.04"]
[Round "3"]
[Board "4"]
[White "Kiss, Attila"]
[Black "Linhart, Wolfgang"]
[Result "1/2-1/2"]
[WhiteElo "2379"]
[BlackElo "2117"]
[PlyCount "63"]
[EventDate "2015.10.02"]
[EventType "team"]
[EventRounds "11"]
[EventCountry "AUT"]
[WhiteTeam "SPG. Sparkasse Fuerstenfeld/Hartberg"]
[BlackTeam "SPG Sauwald 2"]

1. e4 c5 2. Nf3 e6 3. d4 cxd4 4. Nxd4 a6 5. Bd3 d5 6. exd5 Qxd5 7. O-O Nc6 8.
Nxc6 Qxc6 9. Nc3 Nf6 10. Re1 Be7 11. Bg5 h6 12. Bh4 Bd7 13. Qe2 O-O 14. Rad1
Rad8 15. Ne4 Nd5 16. Bxe7 Nxe7 17. Qh5 f5 18. Nd2 Nd5 19. Qh4 Qc7 20. Nc4 Bb5
21. Rxe6 Nf4 22. Re7 Qc5 23. Ree1 Rd4 24. Re5 Qc6 25. Qg3 Bxc4 26. Re7 Qf6 27.
Bxc4+ Rxc4 28. Rdd7 Ng6 29. Qd3 Re4 30. Rxg7+ Qxg7 31. Rxg7+ Kxg7 32. g3
 1/2-1/2

[Event "2. BUNDESLIGA MITTE"]
[Site "Steyregg, Fuerstenfeld/Sauwald/Villach, St. Veit/Glan, Graz"]
[Date "2015.10.04"]
[Round "3"]
[Board "5"]
[White "Lang, Josef Jun."]
[Black "Radnetter, Georg"]
[Result "0-1"]
[WhiteElo "2064"]
[BlackElo "2323"]
[PlyCount "120"]
[EventDate "2015.10.02"]
[EventType "team"]
[EventRounds "11"]
[EventCountry "AUT"]
[WhiteTeam "SPG Sauwald 2"]
[BlackTeam "SPG. Sparkasse Fuerstenfeld/Hartberg"]

1. e4 e6 2. d4 d5 3. Nc3 Nc6 4. e5 f6 5. exf6 Nxf6 6. Nf3 Bd6 7. Bg5 O-O 8. Bb5
Qe8 9. Qd2 a6 10. Be2 b5 11. a3 b4 12. axb4 Bxb4 13. Qe3 Ne7 14. O-O Nf5 15.
Qd3 a5 16. Nb5 Ba6 17. c3 c6 18. cxb4 Bxb5 19. Qc2 axb4 20. Bxb5 cxb5 21. Bd2
Rc8 22. Qd3 Qe7 23. Ra5 Ne4 24. Rxb5 Nxd2 25. Qxd2 Rc4 26. h3 Nd6 27. Rb6 Ne4
28. Qe3 Rfc8 29. Nd2 Nxd2 30. Qxd2 R8c6 31. Rb8+ Rc8 32. Rb6 R8c6 33. Rb8+ Rc8
34. Rxc8+ Rxc8 35. Ra1 Qb7 36. Qe2 Rc6 37. Ra5 Rc1+ 38. Kh2 Qc7+ 39. g3 Qxa5
40. Qxe6+ Kf8 41. Qf5+ Ke8 42. Qxh7 Rc7 43. Qg8+ Kd7 44. Qxg7+ Kc6 45. Qf6+ Kb7
46. Qd6 Qb5 47. h4 Rd7 48. Qe6 Qc6 49. Qf5 Re7 50. Qf8 Qe8 51. Qf4 Re4 52. Qd2
Qe7 53. Kg2 Re2 54. Qd3 Qe4+ 55. Qxe4 dxe4 56. h5 Rxb2 57. g4 b3 58. h6 e3 59.
h7 Rxf2+ 60. Kh3 Rf8 0-1

[Event "2. BUNDESLIGA MITTE"]
[Site "Steyregg, Fuerstenfeld/Sauwald/Villach, St. Veit/Glan, Graz"]
[Date "2015.10.04"]
[Round "3"]
[Board "6"]
[White "Hatzl, Johannes"]
[Black "Zauner, Christoph"]
[Result "1/2-1/2"]
[WhiteElo "2081"]
[BlackElo "2041"]
[PlyCount "129"]
[EventDate "2015.10.02"]
[EventType "team"]
[EventRounds "11"]
[EventCountry "AUT"]
[WhiteTeam "SPG. Sparkasse Fuerstenfeld/Hartberg"]
[BlackTeam "SPG Sauwald 2"]

1. e4 e6 2. d4 d5 3. Nc3 Bb4 4. exd5 exd5 5. Bd3 Ne7 6. Qh5 Nbc6 7. Nge2 g6 8.
Qf3 Bf5 9. Bg5 Qd6 10. O-O f6 11. Nb5 Qd7 12. Bxf6 O-O 13. Bxe7 Nxe7 14. Qg3 c6
15. Nbc3 Bd6 16. Bxf5 Nxf5 17. Qh3 Qg7 18. Rad1 g5 19. Qg4 Rae8 20. Ng3 Nh6 21.
Qh5 Re6 22. Rfe1 Rg6 23. Qe2 Kh8 24. Rd3 Ng8 25. Nd1 Qf7 26. Rf3 Nf6 27. Nh5
Bxh2+ 28. Kxh2 Rh6 29. Rh3 Rxh5 30. Rxh5 Nxh5 31. Qe5+ Qg7 32. Qd6 Nf6 33. f3
g4 34. Qg3 Qh6+ 35. Kg1 gxf3 36. Qxf3 Ne4 37. Qe3 Qh4 38. Re2 Rf6 39. Nf2 Nxf2
40. Rxf2 Rxf2 41. Qxf2 Qe7 42. c3 Kg7 43. Qg3+ Kf7 44. Kf2 h6 45. Qf4+ Kg6 46.
Kf3 a6 47. Qg4+ Kf7 48. Qf5+ Kg7 49. g3 Qc7 50. Kg4 Qd6 51. b4 b6 52. Qe5+ Qxe5
53. dxe5 Kg6 54. Kf4 c5 55. bxc5 bxc5 56. g4 a5 57. a3 a4 58. e6 Kf6 59. e7
Kxe7 60. Ke5 d4 61. cxd4 cxd4 62. Kxd4 Kf6 63. Ke4 Kg5 64. Kf3 Kg6 65. Kf4
 1/2-1/2

[Event "2. BUNDESLIGA MITTE"]
[Site "Steyregg, Fuerstenfeld/Sauwald/Villach, St. Veit/Glan, Graz"]
[Date "2015.10.04"]
[Round "3"]
[Board "1"]
[White "Flumbort, Andras Dr."]
[Black "Freitag, Manfred"]
[Result "1/2-1/2"]
[WhiteElo "2471"]
[BlackElo "2378"]
[PlyCount "55"]
[EventDate "2015.10.02"]
[EventType "team"]
[EventRounds "11"]
[EventCountry "AUT"]
[WhiteTeam "ASK Case IH SteyrSt. Valentin"]
[BlackTeam "ESV Austria Graz"]

1. d4 Nf6 2. c4 g6 3. Nc3 d5 4. Nf3 Bg7 5. cxd5 Nxd5 6. e4 Nxc3 7. bxc3 c5 8.
Rb1 O-O 9. Bd2 cxd4 10. cxd4 Qa5 11. Be2 Qxa2 12. O-O Bg4 13. Be3 Nc6 14. d5
Bxf3 15. Bxf3 Ne5 16. Rxb7 e6 17. dxe6 Qxe6 18. Rxa7 Rxa7 19. Bxa7 Nxf3+ 20.
Qxf3 Re8 21. Re1 f5 22. e5 Bxe5 23. g3 Qf7 24. Qc6 Re6 25. Qc8+ Re8 26. Qc6 Re6
27. Qc8+ Re8 28. Qc6 1/2-1/2

[Event "2. BUNDESLIGA MITTE"]
[Site "Steyregg, Fuerstenfeld/Sauwald/Villach, St. Veit/Glan, Graz"]
[Date "2015.10.04"]
[Round "3"]
[Board "2"]
[White "Karner, Christoph"]
[Black "Hajnal, Zoltan"]
[Result "1-0"]
[WhiteElo "2308"]
[BlackElo "2333"]
[PlyCount "79"]
[EventDate "2015.10.02"]
[EventType "team"]
[EventRounds "11"]
[EventCountry "AUT"]
[WhiteTeam "ESV Austria Graz"]
[BlackTeam "ASK Case IH SteyrSt. Valentin"]

1. d4 d5 2. c4 c6 3. Nf3 Nf6 4. Nc3 dxc4 5. e4 b5 6. e5 Nd5 7. a4 e6 8. Ng5 h6
9. Nge4 b4 10. Nb1 Ba6 11. Nbd2 c3 12. Nc4 Bxc4 13. Bxc4 cxb2 14. Bxb2 Be7 15.
O-O a5 16. Rc1 Nd7 17. Bd3 Qb6 18. Qg4 g6 19. Rfe1 Rc8 20. h4 h5 21. Qg3 Kd8
22. Nd6 Bxd6 23. exd6 N7f6 24. Rc5 Kd7 25. Bc1 Ne8 26. Rxd5 cxd5 27. Bb5+ Rc6
28. Bf4 Kd8 29. Bxc6 Qxc6 30. Rc1 Qxa4 31. Be5 Rf8 32. Qg5+ f6 33. Qxg6 Qd7 34.
Bg3 Nxd6 35. Rc5 a4 36. Bxd6 Qxd6 37. Qg7 Re8 38. Qb7 Qd7 39. Qb6+ Ke7 40. Rc7
 1-0

[Event "2. BUNDESLIGA MITTE"]
[Site "Steyregg, Fuerstenfeld/Sauwald/Villach, St. Veit/Glan, Graz"]
[Date "2015.10.04"]
[Round "3"]
[Board "4"]
[White "Ebner, Hubert"]
[Black "Theuretzbacher, Klaus"]
[Result "1/2-1/2"]
[WhiteElo "2229"]
[BlackElo "2238"]
[PlyCount "62"]
[EventDate "2015.10.02"]
[EventType "team"]
[EventRounds "11"]
[EventCountry "AUT"]
[WhiteTeam "ESV Austria Graz"]
[BlackTeam "ASK Case IH SteyrSt. Valentin"]

1. Nf3 b5 2. g3 Bb7 3. Bg2 Nf6 4. O-O e6 5. d3 Be7 6. e4 d6 7. Nbd2 Nbd7 8. Re1
c5 9. a4 a6 10. b3 O-O 11. Bb2 Qc7 12. e5 dxe5 13. Nxe5 Bd5 14. Nxd7 Qxd7 15.
Ne4 Rac8 16. Nxf6+ Bxf6 17. Bxf6 gxf6 18. Qg4+ Kh8 19. Qh4 Kg7 20. Qg4+ Kh8 21.
Qh4 Kg7 22. Be4 f5 23. Qg5+ Kh8 24. Qf6+ Kg8 25. Qg5+ Kh8 26. Qf6+ Kg8 27. Bxd5
Qxd5 28. Qg5+ Kh8 29. Qf6+ Kg8 30. Qg5+ Kh8 31. Qf6+ Kg8 1/2-1/2

[Event "2. BUNDESLIGA MITTE"]
[Site "Steyregg, Fuerstenfeld/Sauwald/Villach, St. Veit/Glan, Graz"]
[Date "2015.10.04"]
[Round "3"]
[Board "5"]
[White "Kranzl, Peter"]
[Black "Fahrner, Kurt"]
[Result "1/2-1/2"]
[WhiteElo "2168"]
[BlackElo "2294"]
[PlyCount "81"]
[EventDate "2015.10.02"]
[EventType "team"]
[EventRounds "11"]
[EventCountry "AUT"]
[WhiteTeam "ASK Case IH SteyrSt. Valentin"]
[BlackTeam "ESV Austria Graz"]

1. e4 d5 2. exd5 Nf6 3. d4 Bg4 4. Be2 Bxe2 5. Qxe2 Qxd5 6. Nf3 Nc6 7. O-O e6 8.
c3 Bd6 9. Nbd2 O-O 10. Re1 b5 11. Ne5 Bxe5 12. dxe5 Nd7 13. Nf3 Nb6 14. Bg5 h6
15. Bh4 Qc4 16. Qc2 Nb4 17. Qb1 Nc6 18. Re4 Qc5 19. Qd3 Nd5 20. Rae1 Nde7 21.
Nd4 Ng6 22. Qxb5 Qxb5 23. Nxb5 Rab8 24. a4 Rfc8 25. R1e2 a6 26. Nd4 Ncxe5 27.
Rxe5 Nxe5 28. Rxe5 c5 29. Nf3 Rxb2 30. h3 Ra2 31. Re4 c4 32. g4 Rxa4 33. Kg2
Ra2 34. Ne5 Rc2 35. Nxc4 f5 36. gxf5 exf5 37. Rd4 g5 38. Ne3 R2xc3 39. Nxf5
gxh4 40. Ne7+ Kf7 41. Nxc8 1/2-1/2

[Event "2. BUNDESLIGA MITTE"]
[Site "Steyregg, Fuerstenfeld/Sauwald/Villach, St. Veit/Glan, Graz"]
[Date "2015.10.04"]
[Round "3"]
[Board "6"]
[White "Aschenbrenner, Robert"]
[Black "Heimberger, Reinhard"]
[Result "1-0"]
[WhiteElo "2212"]
[BlackElo "2284"]
[PlyCount "85"]
[EventDate "2015.10.02"]
[EventType "team"]
[EventRounds "11"]
[EventCountry "AUT"]
[WhiteTeam "ESV Austria Graz"]
[BlackTeam "ASK Case IH SteyrSt. Valentin"]

1. d4 d5 2. c4 c6 3. Nf3 Nf6 4. Nc3 g6 5. Bf4 Bg7 6. e3 O-O 7. h3 a6 8. Qb3
dxc4 9. Bxc4 b5 10. Be2 Be6 11. Qc2 Nd5 12. Nxd5 cxd5 13. O-O Nd7 14. a4 bxa4
15. Rxa4 Qb6 16. Rfa1 Rfc8 17. Qd2 Bf5 18. Rxa6 Rxa6 19. Rxa6 Qb7 20. b4 Rc2
21. Qe1 Qc8 22. Ra1 f6 23. g4 Be4 24. Bg3 Rb2 25. Nd2 Bc2 26. b5 Nb6 27. Rc1
Qa8 28. Bc7 Qb7 29. Bxb6 Qxb6 30. Nc4 dxc4 31. Bxc4+ e6 32. Qc3 Rb1 33. Qxc2
Rxc1+ 34. Qxc1 Kf7 35. Qa3 Bf8 36. Qa6 Qd6 37. b6 Qb4 38. b7 Bd6 39. Qc6 Ke7
40. Bb5 Kf7 41. b8=Q Qb1+ 42. Kg2 Bxb8 43. Qb7+ 1-0

[Event "2. BUNDESLIGA MITTE"]
[Site "Steyregg, Fuerstenfeld/Sauwald/Villach, St. Veit/Glan, Graz"]
[Date "2015.10.04"]
[Round "3"]
[Board "2"]
[White "Handler, Lukas"]
[Black "Weiss, Christian"]
[Result "1-0"]
[WhiteElo "2390"]
[BlackElo "2353"]
[PlyCount "117"]
[EventDate "2015.10.02"]
[EventType "team"]
[EventRounds "11"]
[EventCountry "AUT"]
[WhiteTeam "SC MPOE Maria Saal 2"]
[BlackTeam "Union Ansfelden"]

1. Nf3 g6 2. d4 Bg7 3. g3 d6 4. Bg2 c6 5. b3 b5 6. e4 Bb7 7. O-O Nd7 8. Bb2 e6
9. e5 d5 10. c4 bxc4 11. bxc4 Ba6 12. Nbd2 Nb6 13. Re1 Bxc4 14. a4 Ba6 15. Nb3
Ne7 16. Nc5 Bc8 17. Nd2 O-O 18. a5 Nd7 19. Ndb3 Re8 20. Bc3 Nxc5 21. Nxc5 Nf5
22. a6 Bf8 23. Ba5 Qe7 24. Rc1 Rb8 25. Bf1 Qg5 26. f4 Qh6 27. Rc2 Bxc5 28. Rxc5
Bd7 29. Qd2 Rb3 30. Rc3 Reb8 31. Rxb3 Rxb3 32. Bb4 g5 33. fxg5 Qh5 34. Bc5 Bc8
35. Qf4 Rb2 36. h4 Rb3 37. Be2 Qg6 38. h5 Qg7 39. g4 Nh4 40. Bxa7 Bxa6 41. Bd1
Rb1 42. Bc5 Bc4 43. Be7 Bb3 44. Qf1 h6 45. g6 fxg6 46. Bxh4 gxh5 47. Be2 Rxe1
48. Qxe1 Bc4 49. Bd1 hxg4 50. Qa5 Qf7 51. Qd8+ Kg7 52. Bf6+ Kg6 53. Bxg4 h5 54.
Bf3 Kf5 55. Qh8 Qg6+ 56. Bg2 Kf4 57. Bh4 Bd3 58. Qf8+ Bf5 59. Kf2 1-0

[Event "2. BUNDESLIGA MITTE"]
[Site "Steyregg, Fuerstenfeld/Sauwald/Villach, St. Veit/Glan, Graz"]
[Date "2015.10.04"]
[Round "3"]
[Board "3"]
[White "Moser, Guenter"]
[Black "Halvax, Georg"]
[Result "1/2-1/2"]
[WhiteElo "2313"]
[BlackElo "2337"]
[PlyCount "88"]
[EventDate "2015.10.02"]
[EventType "team"]
[EventRounds "11"]
[EventCountry "AUT"]
[WhiteTeam "Union Ansfelden"]
[BlackTeam "SC MPOE Maria Saal 2"]

1. Nf3 Nf6 2. g3 g6 3. Bg2 d5 4. O-O Bg7 5. c4 c6 6. Qc2 O-O 7. d3 Re8 8. e4 e5
9. Nc3 Bg4 10. h3 Bxf3 11. Bxf3 dxc4 12. dxc4 Nbd7 13. Be3 Qe7 14. Kg2 Nc5 15.
Bxc5 Qxc5 16. Ne2 Red8 17. Rfd1 Ne8 18. b3 Nc7 19. Rxd8+ Rxd8 20. Rd1 Rd6 21.
h4 Ne6 22. Bg4 Nd4 23. Nxd4 Rxd4 24. Rxd4 Qxd4 25. Be2 Bf8 26. Qd3 Qb2 27. a4
Bc5 28. h5 Kg7 29. hxg6 hxg6 30. Qf3 Bd4 31. Bf1 Qc2 32. Be2 a5 33. Qd3 Qc1 34.
Qd1 Qb2 35. Qd3 Qc1 36. Qd1 Qc3 37. Qd3 Kf8 38. Qf3 Ke7 39. Bd1 Qd2 40. Be2 Qe1
41. Bf1 Qc3 42. Qxc3 Bxc3 43. Kf3 Kd6 44. Bh3 f6 1/2-1/2

[Event "2. BUNDESLIGA MITTE"]
[Site "Steyregg, Fuerstenfeld/Sauwald/Villach, St. Veit/Glan, Graz"]
[Date "2015.10.04"]
[Round "3"]
[Board "4"]
[White "Tomazini, Zan"]
[Black "Knoll, Hermann"]
[Result "1-0"]
[WhiteElo "2428"]
[BlackElo "2331"]
[PlyCount "81"]
[EventDate "2015.10.02"]
[EventType "team"]
[EventRounds "11"]
[EventCountry "AUT"]
[WhiteTeam "SC MPOE Maria Saal 2"]
[BlackTeam "Union Ansfelden"]

1. e4 e6 2. d4 d5 3. Nd2 h6 4. Ngf3 Nf6 5. e5 Nfd7 6. Bd3 c5 7. c3 Nc6 8. O-O
g5 9. Kh1 cxd4 10. cxd4 Qb6 11. Nb3 g4 12. Ng1 a5 13. f4 a4 14. Nc5 Nxc5 15.
dxc5 Bxc5 16. Qxg4 Bd7 17. Nf3 O-O-O 18. Bd2 Rdg8 19. Qh5 Be3 20. Rad1 Bxd2 21.
Rxd2 Qe3 22. Bb5 Qxf4 23. Bxc6 bxc6 24. Rd4 Qf5 25. Qxf5 exf5 26. Rxa4 Kb7 27.
Rf4 Ra8 28. a3 Rhe8 29. Kg1 Kc7 30. Rh4 Rab8 31. b4 Ra8 32. Ra1 Ra4 33. Rxh6
Rea8 34. Rh7 Rxa3 35. Rxa3 Rxa3 36. Rxf7 Kd8 37. h4 Ke8 38. Rg7 f4 39. h5 Bf5
40. h6 Kf8 41. Ng5 1-0